00698nam a22001694i 4500003000400000005001700004008004100021040001400062100005000076245014300126264004300269300005100312600003100363651004600394700004100440700004700481OSt20250722134844.0250710e202504 spco||||||||| 000 0bcat|c ccdmrbcat1 aDelshams, Lleonard,d1956-efotògrafeautor10aLleonard Delshams des del retrovisor /cautor: Lleonard Delshams Valdès, cura de l'edició: Anna Sàez Mateu i Josep Grau Santesmasses 1aLleida :bEdicions de la Clamor,c2025 a143 pàgines :bil·lustracions ;c19 x 24 cm17aDelshams, Lleonard,d1956- 7aLleida (Catalunya)vLlibres de làmines.1 aSàez Mateu, Anna,eeditor literari1 aGrau Santesmasses, Josep,eeditor literari